Narendra Modi : (Record no. 181851)

MARC details
000 -LEADER
fixed length control field 00605nam a22002057a 4500
005 - DATE AND TIME OF LATEST TRANSACTION
control field 20211007114058.0
010 ## - LCCN (DPL NO)
LC control number ENG-130006
020 ## - INTERNATIONAL STANDARD BOOK NUMBER
Terms of availability 895.00
International Standard Book Number 978-93-86611-69-7
035 ## - SYSTEM CONTROL NUMBER
System control number EN-113538
037 ## - SOURCE OF ACQUISITION
Source of stock number/acquisition DBAD/PUB
082 ## - DEWEY DECIMAL CLASSIFICATION NUMBER
Classification number 327.54
100 ## - MAIN ENTRY--PERSONAL NAME
Personal name Singh Rajesh Kr
245 ## - TITLE STATEMENT
Title Narendra Modi :
Statement of responsibility, etc Editor By Rajesh Kr.Singh
250 ## - EDITION STATEMENT
Edition statement 2019
260 ## - PUBLICATION, DISTRIBUTION, ETC. (IMPRINT)
Name of publisher, distributor, etc Serial Publication PVT. LTD.
Place of publication, distribution, etc New Delhi
270 ## - ADDRESS
Address 4830/20,Prahlad Street, Ansari Road Darya Ganj
City New Delhi
Postal code 110002
300 ## - PHYSICAL DESCRIPTION
Extent 268 p
Dimensions 22Cm (hbk)
700 ## - ADDED ENTRY--PERSONAL NAME
Personal name Rajesh Kr. Singh
942 ## - ADDED ENTRY ELEMENTS (KOHA)
Source of classification or shelving scheme Dewey Decimal Classification
Item type English Books
Classification part 260.33
Call number suffix GUR
Holdings
Withdrawn status Lost status Not for loan Collection code Home library Current library Date acquired Source of acquisition Cost, normal purchase price Full call number Barcode Copy number Cost, replacement price Koha item type
      Non-fiction Mobile Library Mobile Library 07/10/2021 DBAD/PUB 895.00 260.33 GUR EN-113538 1 895.00 English Books

© Delhi Public Library
Hit Counter
free hit counter